BD,Chaurasia Human Anatomy-1 : (Record no. 33539)

MARC details
000 -LEADER
fixed length control field 00549nam a22002057a 4500
005 - DATE AND TIME OF LATEST TRANSACTION
control field 20250731134446.0
008 - FIXED-LENGTH DATA ELEMENTS--GENERAL INFORMATION
fixed length control field 230913b |||||||| |||| 00| 0 eng d
020 ## - INTERNATIONAL STANDARD BOOK NUMBER
ISBN 9788123918631
082 ## - DEWEY DECIMAL CLASSIFICATION NUMBER
Classification number 611.9
Item number CHA-H
100 ## - MAIN ENTRY--AUTHOR
Author Name BD,Chaurasia
245 ## - TITLE STATEMENT
Title BD,Chaurasia Human Anatomy-1 :
Remainder of title Upper Limb and Thorax
250 ## - EDITION STATEMENT
Edition statement 5th.ed, Vol-1
260 ## - PUBLICATION, DISTRIBUTION, ETC.
Place of Publication India :
Name of publisher, distributor, etc. CBS Publisher ;
Date of publication, distribution, etc. 2009 .
300 ## - PHYSICAL DESCRIPTION
Pages 296p. :
490 ## - SERIES STATEMENT
Series Statement BD,Chaurasia
Volume 1
500 ## - GENERAL NOTE
General note Include Index
650 ## - SUBJECT ADDED ENTRY--TOPICAL TERM
Subject / Department Medical
700 ## - ADDED ENTRY--PERSONAL NAME
Personal name BD Chaurasias
300 ## - PHYSICAL DESCRIPTION
-- ill ;
-- 28 cm.
952 ## - LOCATION AND ITEM INFORMATION (KOHA)
-- 0
-- 0
Holdings
Lost status Damaged status Permanent Location Current Location Shelving Location Date acquired Full Call Number Accession No./Barcode Date last seen item type
    Superior Information Resource Center (SIRC) Superior University- Main Campus Superior Information Resource Center (SIRC) Superior University- Main Campus Medical 09/13/2023 611.9 CHA-H 2009 20424 11/23/2023 BOOK

Powered by Koha